Logo BPK

Biblioteka

Politechniki Koszalińskiej

Metody statystyczne / (Rekord nr 27840)

Szczegóły MARC
000 -ETYKIETA REKORDU
podpole kontrolne o stałej długości 00336nam a2200145 i 4500
001 - NUMER KONTROLNY REKORDU
pole kontrolne bg
040 ## - ŹRÓDŁO KATALOGOWANIA
Instytucja, która utworzyła rekord BPK
041 ## - KOD JĘZYKA
Kod języka tekstu pol
008 - POLE O STAŁEJ DŁUGOŚCI - DANE KONTROLNE
podpole kontrolne o stałej długości s pl f |000 0 pol
100 1# - NAZWA OSOBOWA
Nazwa osobowa ZIOBROŃ, Władysław
245 #0 - TYTUŁ/ODPOWIEDZIALNOŚĆ
Tytuł Metody statystyczne /
Pozostałe elementy strefy tytułu i oznaczenia odpowiedzialności Władysław Ziobroń.
250 ## - STREFA WYDANIA
Oznaczenie wydania Wyd.3.
260 ## - STREFA ADRESU WYDAWNICZEGO
Miejsce wydania Kraków,
Data publikacji, dystrybucji/powstania dokumentu 1977.
856 ## - LOKALIZACJA I DOSTĘP DO ELEKTRONICZNYCH DOKUMENTÓW ZDALNYCH
Link (URL) http://koha.tu.koszalin.pl/cgi-bin/koha/opac-detail.pl?biblionumber=27840
Tekst linku Katalog online BPK
942 ## - DODATKOWE ELEMENTY (KOHA)
Typ dokumentu Książka
Egzemplarze
Wycofany Status egzemplarza Uszkodzony Dostępność Lokalizacja stała Lokalizacja bieżąca Miejsce przechowywania Sygnatura Kod kreskowy Typ dokumentu
      Dostępny Biblioteka Politechniki Koszalińskiej Biblioteka Politechniki Koszalińskiej Wypożyczalnia BG 22935 01685336 Książka
© 2023 Biblioteka Politechniki Koszalińskiej :: KOHA